000 00606nam a2200205Ia 4500
001 15284
003 GE_BSU
008 181216s||||||||xx |||||||||||||| ||und||
040 _cGE_BSU
080 _a821.353.1-1
100 _aშანშიაშვილი,სანდრო
245 _aკახეთის დედოფალი
245 _cრედ.რ.ორჯონიკიძე
260 _aთბილისი
260 _bნაკადული
260 _c1963
300 _a81გვ.17სმ.
653 _aკახეთის დედოფალი
942 _cBK
999 _c48394
_d48394